000 00711nam a2200289Ia 4500
005 20260324145302.0
008 008 260324s9999 xx 000 0 eng d
020 _a9780203814635
037 _aEBOOK
040 _aCRL
040 _beng
040 _cCRL
041 _2eng
041 _aeng
084 _qCRL
100 _aDavid A Vines; J. M. Maciejowski; J. E. Meade
_91222430
245 0 _aDemand Management (Routledge Revivals)
245 0 _bStagflation - Volume 2
260 _bTaylor and Francis
260 _c1983
365 _a
365 _b290
856 _uhttp://www.taylorfrancis.com/books/9780203814635
942 _cEBOOK
999 _c1830113
_d1830113